<?xml version="1.0" encoding="UTF-8"?>
<record
    xmlns:xsi="http://www.w3.org/2001/XMLSchema-instance"
    xsi:schemaLocation="http://www.loc.gov/MARC21/slim http://www.loc.gov/standards/marcxml/schema/MARC21slim.xsd"
    xmlns="http://www.loc.gov/MARC21/slim">

  <leader>00645nab a2200193 uc4500</leader>
  <controlfield tag="001">326041</controlfield>
  <controlfield tag="005">20241121090150.0</controlfield>
  <controlfield tag="008">981215e19961201                    spa  </controlfield>
  <datafield tag="035" ind1=" " ind2=" ">
    <subfield code="a">326041</subfield>
  </datafield>
  <datafield tag="035" ind1=" " ind2=" ">
    <subfield code="a">(OCoLC)819771814</subfield>
  </datafield>
  <datafield tag="040" ind1=" " ind2=" ">
    <subfield code="c">comduadb</subfield>
  </datafield>
  <datafield tag="041" ind1=" " ind2=" ">
    <subfield code="a">spa</subfield>
  </datafield>
  <datafield tag="100" ind1="1" ind2="0">
    <subfield code="a">Ramirez Briceno, Edgar Roy</subfield>
    <subfield code="4">aut</subfield>
    <subfield code="e">aut</subfield>
    <subfield code="9">515894</subfield>
  </datafield>
  <datafield tag="245" ind1="1" ind2="3">
    <subfield code="a">La etica de los negocios</subfield>
  </datafield>
  <datafield tag="650" ind1=" " ind2="7">
    <subfield code="a">&#xC9;tica de los negocios</subfield>
    <subfield code="2">lemb</subfield>
    <subfield code="9">11091</subfield>
  </datafield>
  <datafield tag="650" ind1=" " ind2="7">
    <subfield code="a">Responsabilidad social</subfield>
    <subfield code="2"></subfield>
    <subfield code="9">18317</subfield>
  </datafield>
  <datafield tag="773" ind1="0" ind2=" ">
    <subfield code="t">Revista de Filosof&#xED;a de la Universidad de Costa Rica (San Jos&#xE9;)</subfield>
    <subfield code="g">Volumen 34, N&#xFA;mero 083-084, Diciembre 1996, p. 355-358</subfield>
    <subfield code="w">9611</subfield>
    <subfield code="x">0034-8252</subfield>
    <subfield code="0">3925</subfield>
  </datafield>
  <datafield tag="942" ind1=" " ind2=" ">
    <subfield code="c">ARIMP</subfield>
  </datafield>
  <datafield tag="999" ind1=" " ind2=" ">
    <subfield code="c">104492</subfield>
    <subfield code="d">104492</subfield>
  </datafield>
</record>
